Регионална библиотека "Любен Каравелов" - Русе

Пивоварен ечемик (Запис номер 201534)

MARC детайли
000 -Лидер
Контролно поле с фиксирана дължина nam a22 a 4500
003 - Код на организацията, давaща контролен номер
Контролно поле BLK
005 - Дата и час на последна редакция
Контролно поле 20221004141728.0
008 - Елементи от данни с фиксирана дължина
fixed length control field 180411b bul|||||r ||||||| ||bul||
010 ## - Наследен системен номер
LC control number KNG00210971000
040 ## - Източник на каталожния запис
Идентификатор на билиотеката - собственик на записа BLK
041 ## - Код за език
Код за езика на текст/звукозапис или на отделно заглавие Български
Код за езика КДБФ Български
080 ## - УДК
Текстов определител УДК Ечемик
УДК код - определител по УДК 633.16
УДК - код + определител 633.16
100 1# - Редна дума - Автор
Автор Брешков, Тодор
Авторска отговорност първи автор
R(LIN) 380715
139 ## - Редно поле
Редна дума Пивоварен ечемик
Авторски знак Пи - П 51
245 10 - Сведения за заглавието
Заглавие Пивоварен ечемик
Подзаглавни данни Изследване
Редно поле (дума) Тодор Брешков; под науч. ред. на Тодор Брешков.
257 ## - Страна на издаване
Страна на създаване/издаване България
260 ## - Област на издателските данни
Име на издателя, разпространителя и проч. Христо Г. Данов
Година на издаване 1975
Място на издаване, разпространение и проч. Пловдив
300 ## - Физическа характеристика
Страници 272 с.
Илюстрации и др. с ил.
Размери/Мащаб 21 см
380 ## - Жанр
Жанр Селско стопанство
500 ## - Общи забележки
Забележка Други авт. : В. Хараланов, Др. Драганов, М. Дириманов, Р. Раднев, П. Вълчанов, Ст. Манчев, Й. Платиканов, В. Бикова, Д. Добрев, М. Гюров. - 900 тир. - Библиогр. с. 264-269.
650 #4 - Допълнително описание по предмет – тема
Основно описание – тема или топоним Ечемик - болести и вредители
9 (RLIN) 322141
653 ## - Ключова дума – ненормативна
Ключова дума ечемик
653 ## - Ключова дума – ненормативна
Ключова дума пивоварство
700 1# - Други автори (авторска отговорност)
Лично име Брешков, Тодор
Автороска отговорност (Описва отношението между автора и произведението) под науч. ред. на
9 (RLIN) 380715
852 ## - Местоположение
Форматна сигнатура Цб 76501
Фондова буква Хранилище
856 4# - Електронен адрес и достъп
Електронен формат pdf - файл
856 4# - Електронен адрес и достъп
Електронен формат pdf - файл
999 ## - СИСТЕМНИ КОНТРОЛНИ НОМЕРА
Koha biblionumber 201534
Koha biblioitemnumber 201534
942 ## - АРТИКУЛИ
Вид на библиотечния материал Книги
Скрит в OPAC Не
Периодичен библиозапис Да
944 ## - СЪЗДАВАНЕ И РЕДАКЦИЯ на ЗАПИСА
Създаване/Редакция Създаване
Дата на регистрацията/редакция 09.08.2017
Служител, извършил регистрацията/редакцията Радостина_Карадакова
944 ## - СЪЗДАВАНЕ И РЕДАКЦИЯ на ЗАПИСА
Създаване/Редакция Редакция
Дата на регистрацията/редакция 09.08.2017
Служител, извършил регистрацията/редакцията Радостина_Карадакова
944 ## - СЪЗДАВАНЕ И РЕДАКЦИЯ на ЗАПИСА
Създаване/Редакция Редакция
Дата на регистрацията/редакция 2022-10-04
Служител, извършил регистрацията/редакцията Микаела Микова-Илиева
999 ## - СИСТЕМНИ КОНТРОЛНИ НОМЕРА
Koha biblioitemnumber 201534
Наличности
Код за отписване Код за изгубен артикул Източник на класификационната схема Код за повреда Коз за рестрикции Код за отдаване Артикулен № Име на библиотеката - собственик Име на библиотеката, в която се намира в момента Статус (Текущо местоположение) Дата на вписване в системата Местоположение - отдел Цена в лева Инвентарен номер Систематично азбучна сигнатура Баркод Номер на екземпляра Цена в евро Служебна бележка Служебен тип на артикула
  Не е изгубен Universal Decimal Classification Не е повреден само за читалня ползва се в читалня 348936 Регионална библиотека "Любен Каравелов" Русе Регионална библиотека "Любен Каравелов" Русе Хранилище 1975-01-01 Хранилище 1.56 186470 Цб 76501 120000186470 1 0.80 N: стар фонд Дата: 01.01.1975 Книги
Изтеглен Не е изгубен Universal Decimal Classification Не е повреден без рестрикции заемане за дома 348937 Регионална библиотека "Любен Каравелов" Русе Регионална библиотека "Любен Каравелов" Русе Заемна - подръчен фонд 1975-01-01 Заемна - подръчен фонд 1.56 187810 П 633.1/П 51 120000187810 2 0.80 N: стар фонд Дата: 01.01.1975 Дата инв: 06.02.2018 Бележки инв: П2018 Книги
Vip Innovations Ltd, Rousse, Bulgaria 2025